Rozpoznaj film po kadrze #9 - Statystyki

Ogólne statystyki
  • Ten quiz został rozwiązany 38 razy
  • Średni wynik to 7 z 20
Statystyki odpowiedzi
Obrazkowy Odpowiedź % Poprawnych
Gwiezdne wojny: część III – Zemsta Sithów
84%
Piraci z Karaibów: Na krańcu świata
78%
Władca Pierścieni: Powrót króla
75%
Szybcy i wściekli
72%
Top Gun: Maverick
66%
Buntownik z wyboru
56%
Grand Budapest Hotel
53%
To nie jest kraj dla starych ludzi
50%
Thelma i Louise
25%
Żądło
25%
K-PAX
22%
Miasteczko Halloween
22%
Pamiętnik
19%
Człowiek w ogniu
16%
Ip Man
16%
Co się wydarzyło w Madison County
13%
Jestem Bogiem
9%
August Rush
3%
Prawdziwa historia
0%
Z dystansu
0%
Nie znaleziono quizów pasujących do podanych kryteriów
Rozkład punktacji
Procent ludzi z każdym wynikiem
Percentyl według liczby udzielonych odpowiedzi
Twoja historia wyników
Nie rozwiązałeś tego quizu